| 000 | 00750cab a2200241 4500 | ||
|---|---|---|---|
| 001 | WB3235-06 | ||
| 008 | 090401t1996 xxu||||| |||| 00| 0 eng d | ||
| 035 | _a(Sirsi) u1318 | ||
| 041 | _aeng | ||
| 245 | _aExtra homes from offices | ||
| 260 | _c1996 | ||
| 350 | _a0 | ||
| 490 |
_aBuilding _v261 (7958) 20 September 1996, 17(1) |
||
| 520 | _aLondon Property Research has produced a draft report called "Offices to other uses", which says that the oversupply of office space in capital could be transformed into homes. | ||
| 650 | _aCHANGE OF USE | ||
| 650 | _aLONDON PROPERTY RESEARCH | ||
| 650 | _aLONDON | ||
| 650 | _aOFFICES | ||
| 650 | _aRESIDENTIAL USE | ||
| 690 | _aPROPERTY-COMMERCIAL PROPERTY | ||
| 942 | _n0 | ||
| 948 | _c04/03/1997 | ||
| 999 |
_c721 _d721 |
||